00840cam a22002651 4500001001300000003000400013005001700017008004100034010001700075035001900092040004200111042001200153050002200165082001100187100004900198245002600247250004800273260007500321300004000396650003200436650002500468650002200493710004200515999001700557e 43000152 DLC20260227111231.0800611s1942 ilua 000 0 eng c ae 43000152  a(OCoLC)6406584 aU.S. Off. of educ. LibrarycTxCMdDLC apremarc00aS494.5b.C48 1942 a630.691 aChapman, Paul W.q(Paul Wilber),d1891-1953.10aBetter rural careers. aNational edition.b[By] Paul W. Chapman ... aChicago,aAtlanta,bScience Research Associates, Book Division,c1942. a264 p. incl. front., illus.c20 cm. 0aAgriculturezUnited States. 0aVocational guidance. 0aSociology, Rural.2 aScience Research Associates, Chicago. c21940d21940